Buffettología : (Registro nro. 4619)
[ vista simple ]
| 000 -LEADER | |
|---|---|
| fixed length control field | 01216nam a2200301Ia 4500 |
| 003 - CONTROL NUMBER IDENTIFIER | |
| control field | OSt |
| 005 - DATE AND TIME OF LATEST TRANSACTION | |
| control field | 20200620183626.0 |
| 008 - FIXED-LENGTH DATA ELEMENTS--GENERAL INFORMATION | |
| fixed length control field | 191128s2006 sp fr 000 0 spa d |
| 020 ## - INTERNATIONAL STANDARD BOOK NUMBER | |
| International Standard Book Number | 8423423859 |
| 040 ## - CATALOGING SOURCE | |
| Original cataloging agency | CO-JMCR |
| Transcribing agency | CO-JMCR |
| 041 0# - LANGUAGE CODE | |
| Language code of text/sound track or separate title | spa |
| 082 04 - DEWEY DECIMAL CLASSIFICATION NUMBER | |
| Classification number | 332.6042 / |
| Item number | B929b |
| Edition number | 23 |
| 100 1# - MAIN ENTRY--PERSONAL NAME | |
| Personal name | Buffett, Mary, |
| Relator term | autora |
| 9 (RLIN) | 5890 |
| 245 10 - TITLE STATEMENT | |
| Title | Buffettología : |
| Remainder of title | las técnicas jamás contadas que han hecho de Warren Buffett el inversor más famoso del mundo / |
| Statement of responsibility, etc. | Warren Mary, David Clark ; traductor Adrià de Gispert Ramis. |
| 260 ## - PUBLICATION, DISTRIBUTION, ETC. | |
| Place of publication, distribution, etc. | Barcelona : |
| Name of publisher, distributor, etc. | Ediciones Deusto, |
| Date of publication, distribution, etc. | 2006 |
| 300 ## - PHYSICAL DESCRIPTION | |
| Extent | 317 páginas ; |
| Dimensions | 23 cm. |
| 490 0# - SERIES STATEMENT | |
| Series statement | Finanzas |
| 505 0# - FORMATTED CONTENTS NOTE | |
| Formatted contents note | El arte de la Buffettología básica -- Buffettología avanzada |
| 520 ## - SUMMARY, ETC. | |
| Summary, etc. | Este libro explica, con multiples ejemplos reales, las técnicas que utiliza Warren Buffett, el inversor que ha convertido 105.000 dolares en 20.000 millones de dolares |
| 534 ## - ORIGINAL VERSION NOTE | |
| Introductory phrase | Buffettology |
| 650 14 - SUBJECT ADDED ENTRY--TOPICAL TERM | |
| Topical term or geographic name entry element | Inversiones de capital |
| 9 (RLIN) | 5891 |
| 650 14 - SUBJECT ADDED ENTRY--TOPICAL TERM | |
| Topical term or geographic name entry element | Inversiones |
| 9 (RLIN) | 5478 |
| 650 14 - SUBJECT ADDED ENTRY--TOPICAL TERM | |
| Topical term or geographic name entry element | Especulaciones mercantiles |
| 9 (RLIN) | 5485 |
| 650 14 - SUBJECT ADDED ENTRY--TOPICAL TERM | |
| Topical term or geographic name entry element | Finanzas |
| 9 (RLIN) | 5892 |
| 700 1# - ADDED ENTRY--PERSONAL NAME | |
| Personal name | Clark, David, |
| Relator term | autor |
| 9 (RLIN) | 5893 |
| 710 1# - ADDED ENTRY--CORPORATE NAME | |
| Corporate name or jurisdiction name as entry element | Adrià de Gispert, Ramis, |
| Subordinate unit | traductor |
| 9 (RLIN) | 5894 |
| 942 ## - ADDED ENTRY ELEMENTS (KOHA) | |
| Source of classification or shelving scheme | Dewey Decimal Classification |
| Koha item type | Books |
| Withdrawn status | Lost status | Source of classification or shelving scheme | Damaged status | Not for loan | Collection code | Home library | Current library | Date acquired | Source of acquisition | Cost, normal purchase price | Total Checkouts | Full call number | Barcode | Date last seen | Copy number | Koha item type |
|---|---|---|---|---|---|---|---|---|---|---|---|---|---|---|---|---|
| Dewey Decimal Classification | Non-fiction | Biblioteca Pública José María del Castillo y Rada | Biblioteca Pública José María del Castillo y Rada | 04/15/2018 | Donación | 0.00 | 332.6042 / B929b | 201809558 | 05/16/2024 | Ej.1 | Books |